Silencing the Drum: Religious Racism and Afro-Brazilian Sacred Music
"Silencing the Drum exposes the profound struggle of Afro-Brazilian sacred music against escalating intolerance. Danielle N. Boaz and Umi Vaughan blend legal scholarship with ethnomusicology, offering a compelling narrative rooted in interviews with religious leaders, musicians, and activists a...
| Authors: | ; |
|---|---|
| Format: | Electronic Book |
| Language: | English |
| Check availability: | HBZ Gateway |
| WorldCat: | WorldCat |
| Interlibrary Loan: | Interlibrary Loan for the Fachinformationsdienste (Specialized Information Services in Germany) |
| Published: |
[Erscheinungsort nicht ermittelbar]
Amherst College Press
2024
|
| In: | Year: 2024 |
| Further subjects: | B
Sacred and religious music
B Afro-Brazilian religions B Music: styles and genres B Religious Discrimination Social aspects (Brazil) B Candomblé B Drum Religious aspects B Racisme - Brésil - Aspect religieux B Candomblé music (Brazil) B Music B Music Religious aspects Candomblé B Race discrimination (Brazil) Religious aspects B The Arts B Racism (Brazil) Religious aspects B Drum Social aspects B Religions afro-brésiliennes B Musique religieuse - Brésil |
| Online Access: |
Volltext (kostenfrei) Volltext (kostenfrei) Volltext (kostenfrei) |
| Rights Information: | CC BY-NC-ND 4.0 |
MARC
| LEADER | 00000cam a22000002c 4500 | ||
|---|---|---|---|
| 001 | 1904858414 | ||
| 003 | DE-627 | ||
| 005 | 20251227182006.0 | ||
| 007 | cr uuu---uuuuu | ||
| 008 | 241007s2024 xx |||||o 00| ||eng c | ||
| 020 | |a 9781943208906 |9 978-1-943208-90-6 | ||
| 020 | |a 9781943208753 |9 978-1-943208-75-3 | ||
| 035 | |a (DE-627)1904858414 | ||
| 035 | |a (DE-599)KEP108480348 | ||
| 035 | |a (OCoLC)1464273020 | ||
| 035 | |a (OAPEN)93293 | ||
| 035 | |a (DE-627-1)108480348 | ||
| 040 | |a DE-627 |b ger |c DE-627 |e rda | ||
| 041 | |a eng | ||
| 050 | 0 | |a BL2590.B7 | |
| 072 | 7 | |a AV |2 bicssc | |
| 072 | 7 | |a AVLK |2 bicssc | |
| 072 | 7 | |a A |2 thema | |
| 072 | 7 | |a AV |2 thema | |
| 072 | 7 | |a AVL |2 thema | |
| 072 | 7 | |a AVLK |2 thema | |
| 082 | 0 | |a 299.60981 |q DLC |2 23/eng/20241004 | |
| 084 | |a 0 |2 ssgn | ||
| 100 | 1 | |8 1\p |e VerfasserIn |0 (DE-588)1231559810 |0 (DE-627)1755125658 |4 aut |a Boaz, Danielle N. |d 1982- | |
| 109 | |a Boaz, Danielle N. 1982- | ||
| 245 | 1 | 0 | |a Silencing the Drum |b Religious Racism and Afro-Brazilian Sacred Music |
| 264 | 1 | |a [Erscheinungsort nicht ermittelbar] |b Amherst College Press |c 2024 | |
| 300 | |a 1 Online-Ressource (268 p.) | ||
| 336 | |a Text |b txt |2 rdacontent | ||
| 337 | |a Computermedien |b c |2 rdamedia | ||
| 338 | |a Online-Ressource |b cr |2 rdacarrier | ||
| 506 | 0 | |a Open Access |f Unrestricted online access |2 star | |
| 520 | |a "Silencing the Drum exposes the profound struggle of Afro-Brazilian sacred music against escalating intolerance. Danielle N. Boaz and Umi Vaughan blend legal scholarship with ethnomusicology, offering a compelling narrative rooted in interviews with religious leaders, musicians, and activists across Brazil. This multidisciplinary exploration examines the relentless attacks against the practitioners of Afro-Brazilian religions--from discriminatory noise complaints in Bahia to vigilante violence in Rio de Janeiro. The volume integrates multimedia elements including musical samples to vividly illustrate the struggles and resilience of Afro-Brazilian communities in the face of discrimination. As Silencing the Drum confronts the larger global issues of racism and religious freedom, it provides essential insights for scholars, activists, and anyone passionate about human rights and cultural preservation."--Back cover | ||
| 540 | |a Namensnennung - Nicht-kommerziell - Keine Bearbeitungen 4.0 International |f CC BY-NC-ND 4.0 |2 cc |u https://creativecommons.org/licenses/by-nc-nd/4.0/ | ||
| 546 | |a English | ||
| 650 | 0 | |a Afro-Brazilian religions |2 DLC | |
| 650 | 0 | |a Music |x Religious aspects |x Candomblé |2 DLC | |
| 650 | 0 | |a Candomblé music |z Brazil |2 DLC | |
| 650 | 0 | |a Racism |z Brazil |x Religious aspects |2 DLC | |
| 650 | 0 | |a Religious Discrimination |x Social aspects |z Brazil |2 DLC | |
| 650 | 0 | |a Race discrimination |z Brazil |x Religious aspects |2 DLC | |
| 650 | 0 | |a Drum |x Religious aspects |2 DLC | |
| 650 | 0 | |a Drum |x Social aspects |2 DLC | |
| 650 | 4 | |a Religions afro-brésiliennes | |
| 650 | 4 | |a Musique religieuse - Brésil | |
| 650 | 4 | |a Candomblé | |
| 650 | 4 | |a Racisme - Brésil - Aspect religieux | |
| 650 | 4 | |a Music | |
| 650 | 4 | |a Sacred and religious music | |
| 650 | 4 | |a Music: styles and genres | |
| 650 | 4 | |a The Arts | |
| 700 | 1 | |8 2\p |e VerfasserIn |0 (DE-588)1126735000 |0 (DE-627)881322210 |0 (DE-576)484667793 |4 aut |a Vaughan, Umi | |
| 856 | 4 | 0 | |u https://library.oapen.org/bitstream/id/614cb00e-3605-4370-9acf-5af0fc10817a/9781943208760.epub |m X:OAPEN |x Verlag |z kostenfrei |7 0 |
| 856 | 4 | 0 | |u https://library.oapen.org/handle/20.500.12657/93293 |m X:OAPEN |x Verlag |z kostenfrei |7 0 |
| 856 | 4 | 0 | |u https://library.oapen.org/bitstream/20.500.12657/93293/1/9781943208760.epub |m X:OAPEN |x Verlag |z kostenfrei |7 0 |
| 883 | |8 1\p |a cgwrk |d 20250301 |q DE-101 |u https://d-nb.info/provenance/plan#cgwrk | ||
| 883 | |8 2\p |a cgwrk |d 20250301 |q DE-101 |u https://d-nb.info/provenance/plan#cgwrk | ||
| 912 | |a ZDB-94-OAL | ||
| 951 | |a BO | ||
| ELC | |a 1 | ||
| OAS | |a 1 | ||
| ORI | |a SA-MARC-ixtheo_oa001.raw | ||
| REL | |a 1 | ||
| STA | 0 | 0 | |a Candomblé |
| STB | 0 | 0 | |a Candomblé |
| STC | 0 | 0 | |a Candomblé |
| STD | 0 | 0 | |a Candomblé |
| STE | 0 | 0 | |a 坎多摩宗教崇拜 |
| STF | 0 | 0 | |a 坎多摩宗教崇拜 |
| STG | 0 | 0 | |a Candomblé |
| STH | 0 | 0 | |a Кандомбле |
| STI | 0 | 0 | |a Candomblé,Καντομπλέ |
| SUB | |a REL | ||



